| 000 | 00807nam a2200229Ia 4500 | ||
|---|---|---|---|
| 003 | GCL | ||
| 005 | 20240530103139.0 | ||
| 008 | 140319s9999 xx 000 0 ara d | ||
| 040 |
_aGCL / _cGCL |
||
| 082 | 0 | 4 |
_a953 _bش ت |
| 100 | 1 | _aشاكر مصطفى | |
| 245 | 1 | 0 |
_aالتاريخ العربى والمؤرخون : _bدراسة فى تطور علم التاريخ ومعرفة رجاله فى الاسلام / _cشاكر مصطفى |
| 250 | _aالاولى | ||
| 260 |
_aبيروت : _bدار العلم للملايين ، _c1993 |
||
| 300 |
_aمتعدد ؛ _c24 سم |
||
| 650 | 0 | 4 | _aالعالم العربى |
| 650 | 0 | 4 | _aالتاريخ الاسلامى |
| 650 | 0 | 4 | _aالتراجم |
| 650 | 0 | 4 | _aالعلوم عند العرب |
| 650 | 0 | 4 | _aالمؤرخون العرب |
| 942 |
_2ddc _cBK |
||
| 999 |
_c37165 _d37165 |
||